Normal view
MARC view
Entry Nombre corporativo
001 - NÚMERO DE CONTROL
- campo de control: 74563
003 - IDENTIFICADOR DEL NÚMERO DE CONTROL
- campo de control: n 97018395
005 - FECHA Y HORA DE LA ÚLTIMA TRANSACCIÓN
- campo de control: 20250204123118.0
008 - DATOS DE LONGITUD FIJA
- campo de control de longitud fija: 200615|| aca||aabn | a|a d
040 ## - FUENTE DE LA CATALOGACIÓN
- Centro catalogador/agencia de origen: DO-SdBNP
- Lengua de catalogación: spa
- Centro/agencia transcriptor: BNPHU
- Normas de descripción: rda
110 2# - ENCABEZAMIENTO-NOMBRE DE ENTIDAD CORPORATIVA
- Nombre de entidad corporativa o nombre de jurisdicción como elemento de entrada: FUNDAPEC (Organización)
410 2# - TRAZADO DE VÉASE--NOMBRE DE ENTIDAD CORPORATIVA
- Nombre de entidad corporativa o nombre de jurisdicción como elemento de entrada: Fundación APEC de Crédito Educativo
410 2# - TRAZADO DE VÉASE--NOMBRE DE ENTIDAD CORPORATIVA
- Nombre de entidad corporativa o nombre de jurisdicción como elemento de entrada: Acción Pro-Educación y Cultura.
- Unidad subordinada: FUNDAPEC
670 ## - FUENTE DE DATOS ENCONTRADOS
- Cita de la fuente: Work cat.: (OSt)46067: Estructura ocupacional de los sectores :, 1994.
670 ## - FUENTE DE DATOS ENCONTRADOS
- Cita de la fuente: Oferta educativa en la República Dominicana, 1996:
- Información encontrada: Portada (FUNDAPEC, Fundación APEC de Crédito Educativo, Inc.) p. 4 cubierta (entidad privada sin fines de lucro creada por Acción Pro-Educación y Cultura en mayo de 1967)
